000 00538nam a2200193Ia 4500
003 OSt
005 20251106114734.0
008 220917b |||||||| |||| 00| 0 eng d
037 _cREF
040 _aARTS
_cARTS
_beng
041 _2eng
_aeng
084 _aO168w P0.1
_qAL
100 _aKhan Md. Basharat Ali
_9154963
245 0 _aWafyat -e- mashaheer -e- urdu
260 _c2010.
650 _aURDU LITERATURE
_9850257
942 _hO168w P0.1
_cREF
_2CC
_n0
999 _c291584
_d291584